000 00274nam a22001217a 4500
008 181101b xxu||||| |||| 00| 0 eng d
041 _aeng
080 _a316
100 _a50
101 _aSOC
245 _aSocial Support Systems in Practice
_cMaguire,L
942 _2udc
_cBK
999 _c51468
_d51468